000 00665nam a2200181 i 4500
001 159286
003 ES-MaACL
005 20230906211528.0
008 040909s1894 be |||| | fre d
040 _aCAM
_bspa
_cCAM
100 1 _aMeissner, Carl.
_9129800
245 1 0 _aPetit traité des synonimes latins /
_cpar Carl Meissner; traduit sur la 4\pe\s édition par P. Altenhoven.
260 _aNamur :
_bImprimerie Classique de Ad. Wesmael-Charlier éditeur,
_c1894.
300 _a96 p. ;
_c19 cm.
650 0 4 _aLengua latina-
_xSinónimos y antónimos-
_vDiccionarios.
_914305
700 1 _aAltenhoven, P.
_9125630
852 _aES-MaACL
_jD-4167
_z-- Enc. cartón
999 _c159286
_d159286